| 000 | 00571nam a22001697a 4500 | ||
|---|---|---|---|
| 999 |
_c15213 _d15213 |
||
| 003 | OSt | ||
| 082 | _2631.75807 ABD/EV | ||
| 088 | _aT 106 | ||
| 100 |
_aABDU MUDESIR ISSA _92783 |
||
| 245 | _aEvaluation of low - cost lining materials for field channels | ||
| 260 |
_aTavanur 2000 _bKelappaji College of Agricultural Engineering and Technology |
||
| 300 | _a116 | ||
| 500 | _aEvaluation of low - cost lining materials for field channels | ||
| 520 | _aEvaluation of low - cost lining materials for field channels | ||
| 700 |
_aEr. Rema K. P (Guide) _92501 |
||
| 942 | _cTH | ||